Speaking in public : never be lost for words agains

Bibliographic Details
Format: Book
Published: London : Penguin Books Publishers , 20067
Subjects:

MARC

LEADER 00000cam a2200000 7i4500
001 0000025897
005 20090331.0
008 090331
020 |a 0143005797 
090 0 0 |a 808.5   |b SPE 
245 1 0 |a Speaking in public :   |b never be lost for words agains 
260 |a London :   |b Penguin Books Publishers ,   |c 20067 
650 0 |a Communication 
650 0 |a Public speaking 
650 0 |a Public speaking   |x techniques 
999 |a 0001040918   |b Book   |c Adult Collection   |e Perbadanan Perpustakaan Awam Johor